Pays ayant le Portugais comme Langue Officiel - Statistiques

Statistiques générales
  • Ce quiz a été pris 148 fois
  • Le résultat moyen est 6 sur 10
Statistiques - réponses
Pays % Correct
Portugal
99%
Brésil
96%
Angola
73%
Cap Vert
72%
Mozambique
60%
Guinée-Bissau
54%
Sao Tomé-et-Principe
54%
Guinée Équatoriale
43%
Timor Oriental
36%
Macao
18%
Aucun quiz correspondant
Distribution des résultats
% des personnes avec chaque résultat
Percentile par nombre de réponses
Votre historique - résultats
Vous n’avez pas pris ce quiz